000 00434nam a2200157Ia 4500
999 _c67
_d67
020 _a1815174799
082 _a618.1
_bRYA
100 _aRyan, Kenneth J.
245 0 _aKistner's gynecology
_bprinciples and practice
250 _a6th
260 _aUSA
_bMosby
_c1995
300 _a717 p.
_b:ill;
504 _aincluding index and bibliography
650 _aGynecology
_vUterine
_vMenstrual cycle
_vOvary
_vVagina
_vIMDC
942 _cBK
_2ddc